|
|
|
|
| LEADER |
00000nam0a2200000 4500 |
| 001 |
373132 |
| 005 |
20231102012534.0 |
| 035 |
|
|
|a (RuTPU)RU\TPU\retro\30558
|
| 035 |
|
|
|a RU\TPU\book\305277
|
| 090 |
|
|
|a 373132
|
| 100 |
|
|
|a 20221215d1977 k y0rusy50 ca
|
| 101 |
0 |
|
|a rus
|
| 102 |
|
|
|a RU
|
| 105 |
|
|
|a a z 001zy
|
| 200 |
1 |
|
|a Радиационная стойкость строительных материалов
|f В. Б. Дубровский
|
| 210 |
|
|
|a Москва
|c Стройиздат
|d 1977
|
| 215 |
|
|
|a 279 с.
|c ил.
|
| 320 |
|
|
|a Библиогр.: с. 246-257.
|
| 606 |
1 |
|
|a Строительные материалы
|x Радиационная стойкость
|2 stltpush
|3 (RuTPU)RU\TPU\subj\57508
|9 75368
|
| 610 |
1 |
|
|a ядерные установки
|
| 610 |
1 |
|
|a нагрузки
|
| 610 |
1 |
|
|a каменные материалы
|
| 610 |
1 |
|
|a растворы
|
| 610 |
1 |
|
|a бетоны
|
| 610 |
1 |
|
|a полимерные материалы
|
| 610 |
1 |
|
|a гидроизоляционные материалы
|
| 675 |
|
|
|a 691:699.887.5
|v 3
|
| 700 |
|
1 |
|a Дубровский
|b В. Б.
|
| 801 |
|
1 |
|a RU
|b 63413507
|c 20150123
|
| 801 |
|
2 |
|a RU
|b 63413507
|c 20221215
|g RCR
|
| 942 |
|
|
|c BK
|